000 00219 a2200097 4500
001 40901
100 _aRafiullah Shchah
245 _aHistory of Pakistan
260 _aLahore
_bSang-e-Meel Pub
_c
090 _c25154
_d25154
942 _aNUST-CAE
_cM
_c16841
999 _c275974
_d275974